[Event "6th Dubai Open"]
[Site "Dubai"]
[Date "2004.04.19"]
[Round "1.9"]
[White "Nisipeanu, Liviu-Dieter"]
[Black "Saleh, Nabil"]
[Result "1-0"]
[WhiteElo "2692"]
[BlackElo "2349"]
[PlyCount "29"]
[EventDate "2004.04.19"]

1. e4 c6 2. d4 d5 3. exd5 cxd5 4. c4 Nf6 5. Nc3 e6 6. Nf3 Bb4 7. Bd3 dxc4 8.
Bxc4 O-O 9. O-O b6 10. Bg5 Bxc3 11. bxc3 Bb7 12. Re1 Qd6 13. Bxf6 gxf6 14. Bd3
f5 15. Ng5 1-0

[Event "6th Dubai Open"]
[Site "Dubai"]
[Date "2004.04.19"]
[Round "1.9"]
[White "Bouaziz, Slim"]
[Black "Sasikiran, Krishnan"]
[Result "0-1"]
[WhiteElo "2345"]
[BlackElo "2659"]
[PlyCount "93"]
[EventDate "2004.04.19"]

1. d4 d5 2. c4 dxc4 3. e3 Nf6 4. Bxc4 e6 5. Nc3 a6 6. Nf3 b5 7. Bb3 Bb7 8. O-O
c5 9. Qe2 Nbd7 10. Rd1 Qb8 11. d5 c4 12. dxe6 fxe6 13. Bc2 Bd6 14. e4 O-O 15.
h3 Qc7 16. a3 Rae8 17. Nd4 Nc5 18. Kh1 Be5 19. Bg5 h6 20. Bxf6 Rxf6 21. Qe3
Ref8 22. f3 Bf4 23. Qg1 Qe7 24. Re1 Nd7 25. Nd1 Bb8 26. Ne3 Ne5 27. Rad1 h5 28.
Nf1 Rg6 29. Qe3 Qf6 30. Re2 Ba7 31. Qc3 Qg5 32. Nh2 Bb8 33. Qd2 Qh4 34. Qe1 Qf4
35. Nf1 Ba7 36. Nh2 Qf7 37. Red2 Bb8 38. Qh4 Rf6 39. Ne2 Qc7 40. Qxh5 Rh6 41.
Qg5 Nf7 42. Qg3 Qxg3 43. Nxg3 Bxg3 44. Ng4 Rh5 45. Rd7 Bc8 46. Ra7 Ne5 47. Ra1
0-1

[Event "6th Dubai Open"]
[Site "Dubai"]
[Date "2004.04.19"]
[Round "1.9"]
[White "Mamedjarova, Zeinab"]
[Black "Iordachescu, Viorel"]
[Result "0-1"]
[WhiteElo "2343"]
[BlackElo "2627"]
[PlyCount "70"]
[EventDate "2004.04.19"]

1. d4 Nf6 2. Bg5 e6 3. e4 c5 4. Nc3 cxd4 5. Qxd4 Nc6 6. Bxf6 gxf6 7. Qe3 Qa5 8.
O-O-O a6 9. Kb1 Qc5 10. Qxc5 Bxc5 11. Rd2 b5 12. g3 Bb7 13. f4 Rc8 14. Bg2 Na5
15. Re2 Nc4 16. Nd1 a5 17. Nf3 b4 18. Nd2 Nb6 19. Nf2 Ba6 20. Nd3 a4 21. Ree1
Be7 22. f5 O-O 23. e5 Rxc2 24. Kxc2 Rc8+ 25. Kd1 Bxd3 26. fxe6 dxe6 27. Be4 Bb5
28. Bc2 f5 29. h4 Nd5 30. Rh2 a3 31. Kc1 f6 32. Kb1 axb2 33. Bb3 fxe5 34. Kxb2
e4 35. Bxd5 exd5 0-1

[Event "6th Dubai Open"]
[Site "Dubai"]
[Date "2004.04.19"]
[Round "1.9"]
[White "Vladimirov, Evgeny"]
[Black "Salem, Ghuloom"]
[Result "1-0"]
[WhiteElo "2621"]
[BlackElo "2342"]
[PlyCount "53"]
[EventDate "2004.04.19"]

1. d4 Nf6 2. c4 e6 3. Nf3 b6 4. Nc3 Bb7 5. a3 d5 6. Bg5 Be7 7. Rc1 Nbd7 8. cxd5
exd5 9. e3 O-O 10. Be2 h6 11. Bf4 Nh5 12. Be5 Nhf6 13. Bg3 Nh5 14. Nh4 Bxh4 15.
Bxh5 Bxg3 16. hxg3 Nf6 17. Bf3 Rc8 18. O-O c5 19. dxc5 bxc5 20. Qc2 Qe7 21.
Rfd1 Rfd8 22. Na4 c4 23. Rd4 Qe6 24. Rcd1 Re8 {#} 25. Nc3 Rcd8 26. Qd2 Qe5 27.
e4 1-0

[Event "6th Dubai Open"]
[Site "Dubai"]
[Date "2004.04.19"]
[Round "1.9"]
[White "Kadimova, Ilaha"]
[Black "Fedorov, Alexei"]
[Result "0-1"]
[WhiteElo "2341"]
[BlackElo "2616"]
[PlyCount "64"]
[EventDate "2004.04.19"]

1. d4 Nf6 2. c4 g6 3. Nc3 Bg7 4. e4 d6 5. Nf3 O-O 6. Be2 e5 7. Be3 Ng4 8. Bg5
f6 9. Bh4 Nc6 10. d5 Ne7 11. Nd2 Nh6 12. f3 c5 13. dxc6 bxc6 14. b4 Kh8 15. Nb3
g5 16. Bf2 f5 17. Qd2 Ng6 18. O-O-O fxe4 19. Nxe4 d5 20. Bc5 Nf4 {#} 21. Bxf8
Qxf8 22. Nec5 e4 23. fxe4 dxe4 24. Nxe4 Bf5 25. Bf3 g4 26. Qxf4 Qxb4 27. Be2
Qa3+ 28. Kd2 Qxa2+ 29. Ke1 Qxb3 30. h3 Bxe4 31. Qxe4 Qg3+ 32. Kf1 Rf8+ 0-1

[Event "6th Dubai Open"]
[Site "Dubai"]
[Date "2004.04.19"]
[Round "1.9"]
[White "Jobava, Baadur"]
[Black "Wong, Zi Jing"]
[Result "1-0"]
[WhiteElo "2616"]
[BlackElo "2339"]
[PlyCount "75"]
[EventDate "2004.04.19"]

1. c4 Nf6 2. Nc3 c5 3. g3 d5 4. cxd5 Nxd5 5. Bg2 Nc7 6. Nf3 Nc6 7. b3 e5 8. Bb2
Be7 9. Rc1 f6 10. Na4 Ne6 11. Nh4 Bd7 12. O-O O-O 13. Nf5 Rc8 14. f4 exf4 15.
gxf4 b5 16. Nc3 Ncd4 17. Nxe7+ Qxe7 18. e3 Nf5 19. Nd5 Qf7 20. Qg4 Nh6 21. Qh4
Nf5 22. Qh3 Nd6 23. Qg4 Kh8 24. f5 Nd8 25. e4 Re8 26. Rc3 Bc6 27. Rxc5 N8b7 28.
Rc3 Nxe4 29. Rxc6 Rxc6 30. Bxe4 Nc5 31. Bg2 Nd3 32. Nf4 Rd6 33. Nxd3 Rxd3 34.
Bc3 Qc7 35. b4 Rd7 36. Qg3 Qb6+ 37. Qf2 Qd6 38. Qc5 1-0

[Event "6th Dubai Open"]
[Site "Dubai"]
[Date "2004.04.19"]
[Round "1.9"]
[White "Deepan Chakkravarthy J."]
[Black "Asrian, Karen"]
[Result "1/2-1/2"]
[WhiteElo "2331"]
[BlackElo "2605"]
[PlyCount "87"]
[EventDate "2004.04.19"]

1. e4 c6 2. d4 d5 3. Nd2 dxe4 4. Nxe4 Bf5 5. Ng3 Bg6 6. h4 h6 7. Nf3 Nd7 8. h5
Bh7 9. Bd3 Bxd3 10. Qxd3 e6 11. Bd2 Ngf6 12. O-O-O Be7 13. Qe2 O-O 14. Kb1 Qb6
15. c4 Rad8 16. Bc3 Bb4 17. Bxb4 Qxb4 18. Ne5 c5 19. Ne4 Nxe4 20. Qxe4 Nxe5 21.
dxe5 Rd2 22. Rxd2 Qxd2 23. Qxb7 Qxf2 24. Ka1 Rd8 25. a3 Qe2 26. Qxa7 Qxe5 27.
Qa5 Rd3 28. Ka2 Kh7 29. Qb5 f5 30. a4 Rd8 31. Rh3 Rb8 32. Re3 Qc7 33. Qa6 Rb6
34. Qa8 Qf4 35. Rc3 Qd2 36. Rb3 Rxb3 37. Kxb3 Qd3+ 38. Ka2 Qxc4+ 39. Ka1 e5 40.
Qc6 Qc1+ 41. Ka2 Qc4+ 42. Ka1 Qf1+ 43. Ka2 Qc4+ 44. Ka1 1/2-1/2

[Event "6th Dubai Open"]
[Site "Dubai"]
[Date "2004.04.19"]
[Round "1.9"]
[White "Harikrishna, P."]
[Black "Safarli, Eltaj"]
[Result "1-0"]
[WhiteElo "2599"]
[BlackElo "2310"]
[PlyCount "71"]
[EventDate "2004.04.19"]

1. d4 Nf6 2. c4 e6 3. Nc3 Bb4 4. Qc2 O-O 5. a3 Bxc3+ 6. Qxc3 b6 7. Bg5 Bb7 8.
f3 d6 9. e3 Nbd7 10. Bd3 c5 11. Ne2 Rc8 12. O-O cxd4 13. Qxd4 h6 14. Bh4 e5 15.
Qxd6 Nc5 16. Qxd8 Rcxd8 17. Bf5 Nb3 18. Rae1 g5 19. Bg3 Nd2 20. Bxe5 {#} 20...
Nxf1 21. Kxf1 Ne8 22. Bb1 Nd6 23. b3 Bc8 24. Bf6 Rd7 25. Ng3 Ne8 26. Bc3 Rd8
27. Kf2 Be6 28. h4 f6 29. hxg5 hxg5 30. Rh1 Rd7 31. Bg6 Rd8 32. Ne4 Kg7 33.
Nxg5 Bg8 34. Bc2 Nd6 35. g4 Rfe8 36. Nh7 1-0

[Event "6th Dubai Open"]
[Site "Dubai"]
[Date "2004.04.19"]
[Round "1.9"]
[White "Novita, Anjas"]
[Black "Miroshnichenko, Evgenij"]
[Result "0-1"]
[WhiteElo "2306"]
[BlackElo "2599"]
[PlyCount "104"]
[EventDate "2004.04.19"]

1. e4 c5 2. Nf3 d6 3. d4 Nf6 4. Nc3 cxd4 5. Nxd4 Nc6 6. Bc4 Qb6 7. Nde2 e6 8.
O-O a6 9. a3 Be7 10. Kh1 O-O 11. Ba2 Qc7 12. f4 b5 13. f5 Ne5 14. Nf4 Nc4 15.
Rf3 Qb7 16. Qe2 exf5 17. Be3 fxe4 18. Rg3 Bg4 19. Qf2 Nxe3 20. Qxe3 Bf5 21. Rf1
Qd7 22. Nfd5 Bd8 23. Qg5 Bg6 24. Rxf6 Kh8 25. Nxe4 Bxf6 26. Ndxf6 Qf5 27. Qxf5
Bxf5 28. Bd5 gxf6 29. Bxa8 Rxa8 30. Nxd6 Bg6 31. h3 Rd8 32. Rxg6 Rxd6 33. Rg3
Rc6 34. Rc3 Rxc3 35. bxc3 Kg7 36. Kh2 Kg6 37. Kg3 Kf5 38. Kf3 a5 39. Ke3 Ke5
40. Kd3 Kd5 41. g4 Kc5 42. h4 Kd5 43. h5 h6 44. c4+ bxc4+ 45. Ke3 Ke5 46. a4 f5
47. gxf5 f6 48. c3 Kxf5 49. Kd4 Kf4 50. Kxc4 Ke4 51. Kb3 Kd3 52. Kb2 Kd2 0-1

[Event "6th Dubai Open"]
[Site "Dubai"]
[Date "2004.04.19"]
[Round "1.9"]
[White "Eljanov, Pavel"]
[Black "Tondivar, Babak"]
[Result "1-0"]
[WhiteElo "2592"]
[BlackElo "2304"]
[PlyCount "63"]
[EventDate "2004.04.19"]

1. d4 d5 2. c4 e6 3. Nf3 Nf6 4. Nc3 Be7 5. Bg5 h6 6. Bh4 O-O 7. e3 b6 8. Be2
Bb7 9. Bxf6 Bxf6 10. cxd5 exd5 11. b4 c6 12. O-O a5 13. b5 c5 14. Ne5 cxd4 15.
exd4 Bxe5 16. dxe5 d4 17. Na4 Qg5 18. Bf3 Bxf3 19. Qxf3 Ra7 20. Qe4 Qd8 21.
Rad1 Rd7 22. f4 d3 23. Qe3 Rd4 24. Nc3 f5 25. Rd2 Qd7 26. e6 Qd6 27. Rfd1 Qxf4
28. Qxf4 Rxf4 29. Rxd3 Re8 30. Rd8 Kf8 31. e7+ Kxe7 32. Rxb8 1-0

[Event "6th Dubai Open"]
[Site "Dubai"]
[Date "2004.04.19"]
[Round "1.9"]
[White "Roghani, Arash"]
[Black "Gleizerov, Evgeny"]
[Result "0-1"]
[WhiteElo "2302"]
[BlackElo "2592"]
[PlyCount "53"]
[EventDate "2004.04.19"]

1. d4 e6 2. c4 f5 3. e3 Nf6 4. Bd3 d6 5. Nf3 Nc6 6. Nc3 e5 7. Bc2 e4 8. Nd2 g6
9. f4 exf3 10. Nxf3 Bg7 11. O-O O-O 12. e4 f4 13. d5 Nb4 14. Bxf4 Nxe4 15. Be5
Bxe5 16. Bxe4 Bg7 17. Qd2 Na6 18. Bc2 Qf6 19. Rad1 Qf4 20. Qxf4 Rxf4 21. Bd3
Nc5 22. Be2 Bxc3 23. bxc3 Bg4 24. Rd4 Bxf3 25. Rxf4 Bxe2 26. Rb1 Re8 27. Ra1
0-1

[Event "6th Dubai Open"]
[Site "Dubai"]
[Date "2004.04.19"]
[Round "1.9"]
[White "Anastasian, Ashot"]
[Black "Poulsen, Martin"]
[Result "1-0"]
[WhiteElo "2587"]
[BlackElo "2290"]
[PlyCount "121"]
[EventDate "2004.04.19"]

1. d4 d5 2. c4 e6 3. Nc3 Be7 4. Nf3 Nf6 5. Bg5 O-O 6. e3 Nbd7 7. cxd5 Nxd5 8.
Bxe7 Qxe7 9. Bd3 Nxc3 10. bxc3 e5 11. Qc2 h6 12. O-O c5 13. d5 Nf6 14. e4 Ne8
15. Nd2 Nd6 16. Nc4 Bd7 17. a4 b6 18. Nxd6 Qxd6 19. c4 Rab8 20. Rfb1 a6 21. Rb3
Rb7 22. h3 Rfb8 23. Be2 Be8 24. Rc3 Bd7 25. Rc1 Kh8 26. Qd1 Qg6 27. Re3 Qd6 28.
Qc2 Be8 29. h4 Qd8 30. h5 Qd7 31. Ra3 Qd6 32. Rc3 Qd7 33. Ra1 Qd6 34. g3 Kg8
35. Kg2 Bd7 36. Qd1 Be8 37. Bg4 Kh8 38. Qc2 Bd7 39. Qe2 Be8 40. Qe3 Bd7 41.
Bxd7 Rxd7 42. Rac1 Re7 43. a5 Reb7 44. axb6 Qxb6 45. Ra1 a5 46. Rca3 Ra7 47.
Qc3 f6 48. Rxa5 Rxa5 49. Rxa5 Qb1 50. Qe3 Qd1 51. Qf3 Qd4 52. Rb5 Rxb5 53. cxb5
c4 54. Qf5 c3 55. b6 Qxb6 56. Qc8+ Kh7 57. Qxc3 Qd6 58. Qc6 Qf8 59. d6 f5 60.
d7 fxe4 61. Qg6+ 1-0

[Event "6th Dubai Open"]
[Site "Dubai"]
[Date "2004.04.19"]
[Round "1.9"]
[White "Asabri, Hussien"]
[Black "Al-Modiahki, Mohamad"]
[Result "0-1"]
[WhiteElo "2277"]
[BlackElo "2579"]
[PlyCount "72"]
[EventDate "2004.04.19"]

1. d4 Nf6 2. Nf3 g6 3. c4 Bg7 4. g3 O-O 5. Bg2 d6 6. O-O Nc6 7. Nc3 a6 8. h3
Rb8 9. Be3 Na5 10. Nd2 Nd7 11. Qc2 e5 12. d5 f5 13. f4 c5 14. a3 Re8 15. Bf2 e4
16. e3 b5 17. cxb5 c4 18. a4 Nc5 19. Rfd1 Bd7 20. Ra3 Nd3 21. Rda1 Qb6 22. Bf1
Rec8 23. Bxd3 cxd3 24. Qd1 Qc5 25. g4 Qb4 26. gxf5 gxf5 27. R3a2 axb5 28. axb5
Nb7 29. Ra7 Qxb2 30. Ncxe4 fxe4 31. Nxe4 Qc2 32. Qh5 d2 33. Ng5 Qg6 34. Qd1 h6
35. Qxd2 hxg5 36. Re1 gxf4+ 0-1

[Event "6th Dubai Open"]
[Site "Dubai"]
[Date "2004.04.19"]
[Round "1.9"]
[White "Ulibin Mikhail"]
[Black "Hilwani Talal"]
[Result "1-0"]
[WhiteElo "2579"]
[BlackElo "2277"]
[PlyCount "50"]
[EventDate "2004.04.19"]

1. d4 d5 2. c4 c6 3. Nf3 Nf6 4. Nc3 e6 5. g3 Nbd7 6. Bg2 Bd6 7. O-O O-O 8. Nd2
Re8 9. e4 Nxe4 10. Ndxe4 dxe4 11. Nxe4 Bb8 12. Bf4 Qb6 13. c5 Qxb2 14. Qd3 e5
15. Ng5 g6 16. Qc4 Re7 17. Be3 exd4 18. Bxd4 Ne5 19. Qa4 Qb5 20. Qxb5 cxb5 21.
Rae1 Nc6 22. Bf6 Rxe1 23. Rxe1 Be6 24. Nxe6 fxe6 25. Rxe6 Nd8 1-0

[Event "6th Dubai Open"]
[Site "Dubai"]
[Date "2004.04.19"]
[Round "1.9"]
[White "Paridar Shadi"]
[Black "Izoria Zviad"]
[Result "0-1"]
[WhiteElo "2265"]
[BlackElo "2573"]
[PlyCount "39"]
[EventDate "2004.04.19"]

1. e4 c6 2. d4 d5 3. exd5 cxd5 4. Bd3 Nc6 5. c3 Qc7 6. h3 Nf6 7. Nf3 g6 8. O-O
Bg7 9. Re1 O-O 10. Nbd2 Bf5 11. Bxf5 gxf5 12. Ne5 Nxe5 13. Rxe5 e6 14. Re1 Kh8
15. Nf1 Rg8 16. Qf3 Bf8 17. Bf4 Bd6 18. Bxd6 Qxd6 19. Qe2 Rg6 20. Qe5 0-1

[Event "6th Dubai Open"]
[Site "Dubai"]
[Date "2004.04.19"]
[Round "1.9"]
[White "Korobov Anton"]
[Black "Ramaswamy Aarthie"]
[Result "1-0"]
[WhiteElo "2571"]
[BlackElo "2263"]
[PlyCount "75"]
[EventDate "2004.04.19"]

1. d4 Nf6 2. c4 e6 3. Nc3 Bb4 4. e3 O-O 5. Bd3 d5 6. Nf3 c5 7. O-O cxd4 8. exd4
dxc4 9. Bxc4 b6 10. Bg5 Bb7 11. Rc1 Nc6 12. Re1 Be7 13. h4 h6 14. Bf4 Rc8 15.
Bd3 Nb4 16. Bb1 Nbd5 17. Be5 Qd7 18. Qd3 Rfd8 19. Nxd5 Bxd5 20. Rxc8 Rxc8 21.
Nd2 Qc6 22. Qg3 Nh5 23. Qd3 Nf6 24. g4 Kf8 25. g5 hxg5 26. hxg5 Ne8 27. Qg3 Bb4
28. Qf4 Bh1 29. f3 Bxd2 30. Qxd2 Bxf3 31. Rf1 Bh5 32. Qh2 g6 33. Qf4 Qd7 34.
Bd3 Nc7 35. Qf6 Ke8 36. Qh8+ Ke7 37. Qg7 Rf8 38. Qf6+ 1-0

[Event "6th Dubai Open"]
[Site "Dubai"]
[Date "2004.04.19"]
[Round "1.9"]
[White "Gashimov Vugar"]
[Black "Asylguzhin Radik"]
[Result "1-0"]
[WhiteElo "2565"]
[BlackElo "2249"]
[PlyCount "47"]
[EventDate "2004.04.19"]

1. c4 e5 2. Nc3 d6 3. d4 Nd7 4. g3 g6 5. Bg2 Bg7 6. e3 Ngf6 7. Nge2 O-O 8. O-O
Re8 9. b3 Rb8 10. Ba3 a6 11. Rc1 b6 12. Qc2 Bb7 13. Bxb7 Rxb7 14. c5 dxc5 15.
dxc5 Rb8 16. c6 Nf8 17. Rfd1 Qc8 18. Nd5 Nxd5 19. Rxd5 Re6 20. Bxf8 Qxf8 21.
Rd7 Ree8 22. a4 Qb4 23. Qd3 b5 24. Rxc7 1-0

[Event "6th Dubai Open"]
[Site "Dubai"]
[Date "2004.04.19"]
[Round "1.9"]
[White "Simonsen Hans Kristian"]
[Black "Gagunashvili Merab"]
[Result "0-1"]
[WhiteElo "2243"]
[BlackElo "2562"]
[PlyCount "36"]
[EventDate "2004.04.19"]

1. e4 c5 2. Nf3 e6 3. c3 d5 4. e5 d4 5. Bd3 Bd7 6. O-O Bc6 7. Na3 Ne7 8. Qe1
Ng6 9. Be4 Be7 10. d3 dxc3 11. bxc3 O-O 12. Rb1 Qd7 13. Bg5 Rd8 14. Bxe7 Qxe7
15. Nc4 Bxe4 16. Qxe4 Nc6 17. d4 cxd4 18. cxd4 Rd5 0-1

[Event "6th Dubai Open"]
[Site "Dubai"]
[Date "2004.04.19"]
[Round "1.9"]
[White "Sadatnajafi M."]
[Black "Sveshnikov Evgeny"]
[Result "0-1"]
[WhiteElo "2205"]
[BlackElo "2535"]
[PlyCount "60"]
[EventDate "2004.04.19"]

1. e4 c5 2. Nf3 Nc6 3. d4 cxd4 4. Nxd4 e5 5. Nb5 d6 6. Be2 Be7 7. O-O Nf6 8.
N5c3 O-O 9. Bg5 Nxe4 10. Nxe4 Bxg5 11. Qxd6 Qxd6 12. Nxd6 Nd4 13. Bd3 Rd8 14.
Nc4 Bf6 15. Nc3 Be6 16. Ne3 Rac8 17. Rad1 Bg5 18. Rfe1 f5 19. f3 Bh4 20. Rf1
Be7 21. Rde1 Bh4 22. g3 Bf6 23. Ne2 Nxf3+ 24. Rxf3 e4 25. Bxe4 fxe4 26. Rf4
Bxb2 27. Rb1 Ba3 28. Rxe4 Re8 29. Rxb7 Bc5 30. Nd4 Bh3 0-1

[Event "6th Dubai Open"]
[Site "Dubai"]
[Date "2004.04.19"]
[Round "1.9"]
[White "Kruppa Yuri"]
[Black "Mahmoody M.Sadegh"]
[Result "1-0"]
[WhiteElo "2533"]
[BlackElo "2202"]
[PlyCount "59"]
[EventDate "2004.04.19"]

1. d4 f5 2. Nc3 Nf6 3. Bg5 e6 4. e4 fxe4 5. Nxe4 Be7 6. Bxf6 Bxf6 7. Nf3 b6 8.
Bd3 Nc6 9. c3 Bb7 10. Qe2 O-O 11. O-O-O a5 12. h4 Ne7 13. Nfg5 h6 14. f4 Nf5
15. g4 Nd6 16. Nh7 Rf7 17. Nhxf6+ Rxf6 18. Nxf6+ Qxf6 19. Rhf1 Qxh4 20. c4 Rf8
21. c5 Ne8 22. f5 exf5 23. Rxf5 Nf6 24. Rdf1 Bd5 25. Rxd5 Nxd5 26. Bh7+ Kxh7
27. Qe4+ g6 28. Rxf8 Qg5+ 29. Kb1 Kg7 30. Qe8 1-0

[Event "6th Dubai Open"]
[Site "Dubai"]
[Date "2004.04.19"]
[Round "1.9"]
[White "Shihab Khaled"]
[Black "Sturua Zurab"]
[Result "0-1"]
[WhiteElo "2199"]
[BlackElo "2533"]
[PlyCount "58"]
[EventDate "2004.04.19"]

1. e4 c5 2. Nf3 d6 3. d4 Nf6 4. Nc3 cxd4 5. Nxd4 a6 6. Be2 e5 7. Nb3 Be7 8. a4
Be6 9. O-O Nbd7 10. Kh1 O-O 11. f4 Rc8 12. f5 Bc4 13. Bg5 h6 14. Bh4 Qc7 15.
Nd2 d5 16. exd5 Bxd5 17. Nxd5 Nxd5 18. Bxe7 Nxe7 19. c3 Nf6 20. Nc4 Ned5 21.
Qe1 Nf4 22. Ne3 Rfd8 23. Rd1 Rxd1 24. Bxd1 Qb6 25. b3 Nd3 26. Qd2 Rd8 27. Bc2
Nb4 28. Qe2 Nxc2 29. Nxc2 Qxb3 0-1

[Event "6th Dubai Open"]
[Site "Dubai"]
[Date "2004.04.19"]
[Round "1.9"]
[White "Dizdar Goran"]
[Black "Sorokina Anastasia"]
[Result "1-0"]
[WhiteElo "2531"]
[BlackElo "2197"]
[PlyCount "85"]
[EventDate "2004.04.19"]

1. Nf3 Nf6 2. c4 c5 3. g3 Nc6 4. Bg2 e6 5. O-O Be7 6. d4 cxd4 7. Nxd4 d5 8. Nc3
O-O 9. cxd5 exd5 10. b3 Qa5 11. Bb2 Nxd4 12. Qxd4 Be6 13. Rfd1 Rfd8 14. a3 Bc5
15. Qf4 Bd6 16. Qa4 Qb6 17. Qb5 Qc7 18. Nxd5 Nxd5 19. Bxd5 Bxd5 20. Rxd5 Qc2
21. Bd4 Bxa3 22. Qxb7 Rdb8 23. Qd7 Qxb3 24. Bxg7 Kxg7 25. Rd3 Qe6 26. Qxe6 fxe6
27. Rd7+ Kg6 28. Rxa3 a5 29. Kg2 Rb2 30. Kf3 Rb4 31. Ke3 Rb1 32. h4 h6 33. f3
h5 34. Rc7 Rb4 35. Rc6 Kf6 36. Rc5 a4 37. Rxh5 Rab8 38. Rc5 Rb3+ 39. Rxb3 Rxb3+
40. Kf4 e5+ 41. Rxe5 Rb4+ 42. e4 Rb3 43. Ra5 1-0

[Event "6th Dubai Open"]
[Site "Dubai"]
[Date "2004.04.19"]
[Round "1.9"]
[White "Saleh Nagueb"]
[Black "Dzhumaev Marat"]
[Result "0-1"]
[WhiteElo "2180"]
[BlackElo "2512"]
[PlyCount "107"]
[EventDate "2004.04.19"]

1. Nf3 f5 2. c4 d6 3. d4 Nf6 4. Nc3 g6 5. g3 Bg7 6. Bg2 O-O 7. O-O Qe8 8. d5
Na6 9. Rb1 c6 10. Be3 Nc7 11. Qd2 Bd7 12. Rfc1 Ng4 13. Bf4 Rd8 14. h3 Nf6 15.
Bh6 Bxh6 16. Qxh6 e5 17. dxe6 Bxe6 18. b3 Bf7 19. Qh4 Qe7 20. Ng5 Rfe8 21. e4
Be6 22. Re1 Qg7 23. Qf4 Bc8 24. exf5 Bxf5 25. Rxe8+ Nfxe8 26. Rc1 h6 27. Nf3
Ne6 28. Qe3 Nc5 29. Nh4 Nc7 30. Nxf5 gxf5 31. b4 Re8 32. Qd2 N5e6 33. Ne2 Rd8
34. Nf4 Nxf4 35. Qxf4 Qg5 36. Qe3 Qxe3 37. fxe3 Re8 38. Kf2 Kg7 39. b5 cxb5 40.
cxb5 Re7 41. Bxb7 Nxb5 42. Bc6 Nc7 43. Rd1 Re6 44. Bd7 Rf6 45. Kf3 Kf8 46. Kf4
Ke7 47. Bc8 Rf8 48. Bb7 Ne6+ 49. Kf3 Ng5+ 50. Kg2 Rb8 51. Rb1 Kf6 52. h4 Nf7
53. Rb3 Ne5 54. Bd5 0-1

[Event "6th Dubai Open"]
[Site "Dubai"]
[Date "2004.04.19"]
[Round "1.9"]
[White "Nadir Samir"]
[Black "Safin Shukhrat"]
[Result "0-1"]
[WhiteElo "2173"]
[BlackElo "2499"]
[PlyCount "120"]
[EventDate "2004.04.19"]

1. c4 f5 2. Nc3 Nf6 3. d4 g6 4. g3 Bg7 5. Bg2 O-O 6. Nh3 d6 7. O-O c6 8. d5 e5
9. dxe6 Bxe6 10. Qb3 Qe7 11. Ng5 Bc8 12. Bf4 Kh8 13. Rad1 Ne8 14. h4 Nd7 15.
Qc2 Ne5 16. b3 Bf6 17. Rd2 h6 18. Nh3 Qg7 19. Nd1 g5 20. hxg5 hxg5 21. Bxe5
dxe5 22. f4 exf4 23. gxf4 g4 24. Nhf2 Nc7 25. Nh1 Be6 26. e3 Rad8 27. Rff2 Bh4
28. Rfe2 Kg8 29. Rxd8 Rxd8 30. Rd2 Re8 31. Qc3 Qxc3 32. Nxc3 Be1 33. Rd3 Na6
34. Ne2 Nb4 35. Rd1 Bh4 36. Nd4 Bc8 37. a3 Na6 38. Nc2 Nc5 39. b4 Na4 40. b5
cxb5 41. cxb5 Nc3 42. Rd6 Nxb5 43. Rh6 Be7 44. a4 Kg7 45. Rh5 Nc3 46. Ng3 Kg6
47. Nd4 Bf6 48. Kh2 Rh8 49. Rxh8 Bxh8 50. a5 Bxd4 51. exd4 b5 52. axb6 axb6 53.
Bf1 Nd5 54. Ne2 Ba6 55. Bg2 Bxe2 56. Bxd5 b5 57. Bb3 Bc4 58. Bc2 b4 59. Kg3 b3
60. Bb1 Bd5 0-1

[Event "6th Dubai Open"]
[Site "Dubai"]
[Date "2004.04.19"]
[Round "1.9"]
[White "Ihsan Jawad"]
[Black "Ramesh R.B."]
[Result "1/2-1/2"]
[WhiteElo "2158"]
[BlackElo "2493"]
[PlyCount "80"]
[EventDate "2004.04.19"]

1. d4 Nf6 2. c4 e6 3. Nf3 b6 4. g3 Ba6 5. b3 Bb4+ 6. Bd2 Be7 7. Qc2 O-O 8. Bg2
d5 9. O-O c5 10. Bf4 Nc6 11. dxc5 Bxc5 12. Nbd2 Rc8 13. a3 dxc4 14. b4 Be7 15.
Qa4 Bb7 16. Nxc4 Nd5 17. b5 Nxf4 18. gxf4 Nd4 19. Nxd4 Bxg2 20. Rfd1 Bd5 21.
Nc6 Qc7 22. Nxe7+ Qxe7 23. Ne5 Qh4 24. f3 Rc5 25. Rac1 Rxc1 26. Rxc1 g5 27. Qb4
gxf4 28. Nd3 Rd8 29. Qxf4 Qxf4 30. Nxf4 Bb3 31. Rc7 Ba4 32. Rxa7 Bxb5 33. Kf2
e5 34. Nh5 Kf8 35. a4 Bc4 36. Ke3 Rd4 37. Ng3 Be6 38. Ne4 h6 39. a5 bxa5 40.
Rxa5 Bd5 1/2-1/2